Microelectronic circuits (Record no. 1329)

000 -LEADER
fixed length control field 00597nam a22002177a 4500
001 - CONTROL NUMBER
control field 1329
003 - CONTROL NUMBER IDENTIFIER
control field BD-DhUET
008 - FIXED-LENGTH DATA ELEMENTS--GENERAL INFORMATION
fixed length control field 140903b xxu||||| |||| 00| 0 eng d
020 ## - INTERNATIONAL STANDARD BOOK NUMBER
International Standard Book Number 0195680847
040 ## - CATALOGING SOURCE
Transcribing agency 0
Modifying agency BD-DhUET
082 ## - DEWEY DECIMAL CLASSIFICATION NUMBER
Classification number 623.8153
Item number SED/1982
100 ## - MAIN ENTRY--PERSONAL NAME
Personal name Sedra, Adel.S
245 ## - TITLE STATEMENT
Title Microelectronic circuits
Statement of responsibility, etc. by Adel S. Sedra and Kenneth C. Smith
250 ## - EDITION STATEMENT
Edition statement 5th ed.
260 ## - PUBLICATION, DISTRIBUTION, ETC. (IMPRINT)
Place of publication, distribution, etc. New York
Name of publisher, distributor, etc. Oxford University Press
Date of publication, distribution, etc. 1982
300 ## - PHYSICAL DESCRIPTION
Extent xxi, 1283 p.
Other physical details ill.
Dimensions 22 cm.
504 ## - BIBLIOGRAPHY, ETC. NOTE
Bibliography, etc Includes bibliographies
650 #0 - SUBJECT ADDED ENTRY--TOPICAL TERM
Topical term or geographic name as entry element Electronic-Circuits
700 ## - ADDED ENTRY--PERSONAL NAME
Personal name Smith, Kenneth C.
942 ## - ADDED ENTRY ELEMENTS (KOHA)
Koha item type General Book
Holdings
Lost status Koha issues (times borrowed) Source of classification or shelving scheme Sublocation or collection (holding branch) Copy number Koha full call number Location (home branch) Koha out on loan Price effective from Koha date last seen Koha date last borrowed Koha normalized classification for sorting Date acquired Withdrawn status Koha renewals Not for loan Koha item type Piece designation (barcode) Damaged status Shelving location
 9 Central Library, BUET1623.8153/SED/2004Central Library, BUET 2014-09-032022-05-222021-12-21623_000000000000000_8153SED2002014-09-03 1 Guide Book103871 Circulation section
 7 Central Library, BUET2623.8153/SED/2004Central Library, BUET2026-02-032014-09-032026-01-202026-01-20623_815300000000000_SED_20042007-05-28 1 General Book103866 Circulation section
 13 Central Library, BUET3623.8153/SED/2004Central Library, BUET2022-12-062014-09-032022-11-222022-11-22623_000000000000000_8153SED2002014-09-03   Guide Book103867 Circulation section
 2 Central Library, BUET4623.8153/SED/2004Central Library, BUET2017-02-262014-09-032016-02-272016-02-27623_000000000000000_8153SED2002014-09-03   Guide Book103868 Circulation section
 12 Central Library, BUET5623.8153/SED/2004Central Library, BUET 2014-09-032024-06-022024-03-06623_000000000000000_8153SED2002014-09-03   Guide Book103870 Circulation section
 13 Central Library, BUET6623.8153/SED/2004Central Library, BUET 2014-09-032025-09-082025-08-24623_000000000000000_8153SED2002014-09-03 2 Guide Book103873 Circulation section
 16 Central Library, BUET8623.8153/SED/2004Central Library, BUET2023-06-192014-09-032023-06-052023-06-05623_000000000000000_8153SED2002014-09-03 1 Guide Book103872 Circulation section
 18 Central Library, BUET9623.8153/SED/2004Central Library, BUET 2014-09-032025-10-182025-09-24623_000000000000000_8153SED2002014-09-03   Guide Book103874 Circulation section
 5 Central Library, BUET10623.8153/SED/2004Central Library, BUET2021-02-092014-10-272020-02-102020-02-10623_000000000000000_8153SED2002014-10-27   Guide Book101693 Circulation section
 1 Central Library, BUET11623.8153/SED/1982Central Library, BUET 2014-11-292026-03-082014-12-08623_815300000000000_SED_19822014-11-29   General Book107789 Circulation section
 10 Central Library, BUET12623.8153/SED/1982Central Library, BUET2025-05-132016-03-272025-04-292025-04-29623_815300000000000_SED_19822016-03-27   General Book101692 Circulation section